000
00258nam a22001217a 4500
020
_a
0-8306-6794-6
082
_a
621.381 HAL'M
100
_a
HALLMARK, C. L
_9
76433
245
_a
MICROELECTRONIC
260
_a
USA
_b
TAB
_c
1967
300
_a
265P
942
_c
BK
999
_c
581832
_d
581832